000 00296nam a22001337a 4500
008 171222b xxu||||| |||| 00| 0 eng d
020 _a9780134372068
041 _aeng
080 _a82
100 _a21
101 _aGJU
245 _aSHORT DRAMAS AND TELEPLAYS
_cCLEMEN.W
942 _2udc
_cBK
999 _c39325
_d39325